Normal view
MARC view
- Benjamin Caballero
Entry Personal Name
001 - CONTROL NUMBER
- control field: 134403
003 - CONTROL NUMBER IDENTIFIER
- control field: NUST
005 - DATE AND TIME OF LATEST TRANSACTION
- control field: 20260511151432.0
008 - FIXED-LENGTH DATA ELEMENTS
- fixed length control field: 260511|| aca||aabn | a|a d
040 ## - CATALOGING SOURCE
- Original cataloging agency: NUST
- Transcribing agency: NUST
100 ## - HEADING--PERSONAL NAME
- Personal name: Benjamin Caballero
670 ## - SOURCE DATA FOUND
- Source citation: Work cat.: (NUST): Benjamin Caballero., Guide to nutritional supplements /, 2009.
